The complete paintings of Vermeer /

Bibliographic Details
Main Author: Vermeer, Johannes, 1632-1675
Other Authors: Bianconi, Piero, 1899-1984
Format: Book
Language:English
Published: Harmondsworth, Middlesex, England ; New York : Penguin Books, 1987.
Series:Penguin classics of world art.

MARC

Tag First Indicator Second Indicator Subfields
LEADER 00000cam a2200000 a 4500
001 in00000010667
005 20151007051424.0
008 871203r19871970enkah b 00010 eng d
020 |a 0140092749 
035 |a (OCoLC)17165714 
035 |9 AAA2890AM 
040 |a NUG  |c NUG  |d TXA  |d UtOrBLW 
049 |a TXAM  |c [A12563087] 
050 4 |a ND653.V5  |b B3853 1987 
100 1 |a Vermeer, Johannes,  |d 1632-1675. 
245 1 4 |a The complete paintings of Vermeer /  |c introduction by John Jacob; notes and catalogue by Piero Bianconi. 
264 1 |a Harmondsworth, Middlesex, England ;  |a New York :  |b Penguin Books,  |c 1987. 
300 |a 104 pages :  |b illustrations (some color), facsimiles ;  |c 32 cm. 
336 |a text  |b txt  |2 rdacontent 
337 |a unmediated  |b n  |2 rdamedia 
338 |a volume  |b nc  |2 rdacarrier 
490 1 |a Penguin classics of world art 
500 |a Translation of L'opera completa di Vermeer. 
504 |a Bibliography: page 82. 
700 1 |a Bianconi, Piero,  |d 1899-1984. 
830 0 |a Penguin classics of world art. 
999 |a MARS 
999 f f |s dc645487-5000-3992-9883-e1026e619946  |i 589e6f4f-5af4-30b7-8c64-1b2c5b12e63e  |t 0 
952 f f |p normal  |a Texas A&M University  |b College Station  |c Sterling C. Evans Library  |d Evans: Library Stacks  |t 0  |e ND653.V5 B3853 1987  |h Library of Congress classification  |i unmediated -- volume  |m A14812563087 
998 f f |a ND653.V5 B3853 1987  |t 0  |l Evans: Library Stacks